00482nam a2200193Ia 4500008004100000020001800041050001400059100002100073245003400094245003500128260001500163260001600178260000900194300001600203300002700219300001000246440002300256500000900279170918s9999 xx 000 0 und d a9780531166857 bS735 2003 aSpangenburg, Ray 4aThe life and death of stars / cRay Spangenburg and Kit Moser. aNew York : bScholastic, c2003 a108 pages : bcolored illustration ; c23cm. aOut of this world. a1190